| 000 | 00636cam a2200193 a 4500 | ||
|---|---|---|---|
| 020 | _a0256219613 (alk. paper) | ||
| 040 | _cDLC | ||
| 082 | 0 | 0 | _a384 IRW 1997 A012 Or. |
| 100 | 1 | _aCarr, Houston H., | |
| 245 | 1 | 4 |
_aThe management of telecommunications : _bbusiness solutions to business problems / |
| 260 |
_aChicago : _bIrwin, _cc1997. |
||
| 300 |
_axxiv, 726 p. : _bill. ; _c24 cm. |
||
| 650 | 0 | _aBusiness | |
| 650 | 0 | _aTelecommunication systems. | |
| 700 | 1 | _aSnyder, Charles A. | |
| 856 | 4 | 2 | _uhttp://www.loc.gov/catdir/description/mh022/96038964.html |
| 856 | 4 | 1 | _uhttp://www.loc.gov/catdir/toc/mh022/96038964.html |
| 942 | _cEK | ||
| 999 |
_c14024 _d14024 |
||